000 01179cam a2200229 4500
001 WB3809-12
008 020305n2002 000 0 eng u
035 _a(Sirsi) u116983
245 _aUnder-resourcing blamed for house building slowdown
260 _c2002
490 _aInside Housing
_v 1 March 2002, 4(1)
520 _aA study for the Greater London Authority and House Builders Federation has found that under-resourcing and under-staffing in council departments are slowing the delivery of new housing. The "Future housing provision: speeding up delivery" report revealed that roughly a quarter of housing schemes took more than six months to process. Included in the range of recommendations is that affordable housing targets be expressed as absolute numbers rather than percentage targets. "Future housing provision: speeding up delivery" costs £10, t +44 (0)20 7983 4323 or e [email protected]
590 _aWB
650 _aRESOURCES
650 _aSTAFFING
650 _aLOCAL AUTHORITIES
650 _aNEW HOUSING
650 _aGREATER LONDON AUTHORITY
650 _aHOUSE BUILDERS FEDERATION
690 _aHOUSING-DEVELOPMENT
942 _n0
999 _c69683
_d69683